|
|
|
|
| LEADER |
00905nam a2200229 a 4500 |
| 001 |
3689137 |
| 008 |
090917s1978 enka b 000 0 eng d |
| 010 |
|
|
|a \\\78323930
|
| 020 |
|
|
|a 0566001357
|
| 040 |
|
|
|a DLC
|c DLC
|d DLC
|
| 082 |
0 |
0 |
|a 361/.941
|2 18
|
| 100 |
1 |
|
|a Falk, Nicholas.
|
| 245 |
1 |
0 |
|a Planning the social services /
|c Nicholas Falk, James Lee.
|
| 260 |
|
|
|a Farnborough, Eng. :
|b Saxon House,
|c c1978.
|
| 300 |
|
|
|a x, 113 p. :
|b ill. ;
|c 23 cm.
|
| 504 |
|
|
|a Includes bibliographical references.
|
| 541 |
1 |
|
|e 00003771
|
| 650 |
|
0 |
|a Social work administration
|z Great Britain.
|
| 700 |
1 |
|
|a Lee, James G.,
|e joint author.
|
| 852 |
4 |
|
|a Ayesha Abed Library
|j General shelf
|
| 999 |
|
|
|c 4088
|d 4088
|
| 952 |
|
|
|0 0
|1 0
|2 ddc
|4 0
|6 361_941000000000000_FAL_1978
|7 0
|9 3762
|a BRACUL
|b BRACUL
|c GEN
|d 2009-10-03
|g 0.00
|l 1
|o 361.941 FAL
|p 3010003771
|r 2016-07-27
|s 2016-07-20
|t 1
|w 2009-10-03
|y BK
|x No price found in the accession register.
|